| 000 | 00417cam a22001217a 4500 | ||
|---|---|---|---|
| 008 | 180718b1992 xxu||||| |||| 00| 0 eng d | ||
| 082 | _aLmx5461 In2u c4 | ||
| 245 |
_aUrban development : Municipal fiscal stress _cBy K.S.R.N. Sarma et al |
||
| 260 |
_aNew Delhi _bIndian institute of public administration _c1992 |
||
| 300 | _a139p | ||
| 650 | _aCity planning - India - Finance | ||
| 650 | _aUrbanization - India - Finance | ||
| 999 |
_c409787 _d409787 |
||